Giáo trình Tiếng Việt 2
Đề cập đến ngữ âm học Tiếng Việt. Trình bày từ vựng-ngữ nghĩa Tiếng Việt
Đã lưu trong:
| Tác giả chính: | |
|---|---|
| Định dạng: | Sách |
| Năm xuất bản: |
H
Giáo dục
1997
|
| Chủ đề: | |
| Tags: |
Thêm thẻ
Không có thẻ, Hãy là người đầu tiên gắn thẻ bản ghi này!
|
| LEADER | 00663nam a2200169 4500 | ||
|---|---|---|---|
| 082 | |a 495.922 |b Đ450X | ||
| 100 | |a Đỗ Xuân Thảo | ||
| 245 | |a Giáo trình Tiếng Việt 2 |c Đỗ Xuân Thảo, Lê Hữu Tỉnh | ||
| 260 | |a H |b Giáo dục |c 1997 | ||
| 300 | |a 323tr |c 30cm. | ||
| 520 | |a Đề cập đến ngữ âm học Tiếng Việt. Trình bày từ vựng-ngữ nghĩa Tiếng Việt | ||
| 653 | |a Ngôn ngữ | ||
| 653 | |a Tiếng Việt | ||
| 653 | |a Giáo trình | ||
| 942 | |2 ddc |c SH | ||
| 999 | |c 10517 |d 10517 | ||
| 952 | |0 0 |1 0 |2 ddc |4 0 |6 495_922000000000000_Đ450X |7 0 |8 400 |9 82648 |a qbu |b qbu |c D2 |d 2015-08-11 |g 29000 |o 495.922 Đ450X |p 10318.c1 |r 0000-00-00 |w 2015-08-11 |y SH | ||